000 00410cam a2200181ua 4500
020 _c14.20
041 _aeng
_h
082 _a536
_bBRO/HE
100 _aBrown, R C .
245 _aHeat /
_cR C Brown.
_hTextual Documents
250 _a2 /
_b.
260 _aLondon :
_bLongman Green and Co ,
_c1958.
300 _a547 ; .
365 _a14.20
504 _a
942 _cBK
999 _c11065
_d11065